000 00705nam a2200217Ii 4500
003 JO-AjNU
008 230605s9999||||xx |||||||||||||| ||und||
017 _a2007/5/1453
040 _aJO-AjNU
_bara
_erda
_cJO-AjNU
041 _aara
050 1 4 _aPJ6106.R2 2019
100 3 _aالراجحي،عبدة,
_eauthor
_926979
245 0 0 _aالتطبيق النحوي
250 _aط5
264 3 1 _aعمان: دار المسيرة للنشر والتوزيع،2019
300 _a432ص
_bطبعة مزيدة ومنقحة
336 _atext
_btxt
_2rdacontent
337 _aunmediated
_bn
_2rdamedia
338 _avolume
_bnc
_2rdacarrier
650 4 _aقواعد اللغة-اللغة العربية
_926980
999 _aA10291
_c13859
_d13859